| 000 | 00734cam a22002414a 4500 | ||
|---|---|---|---|
| 001 | 13753751 | ||
| 005 | 20180103044251.0 | ||
| 008 | 041018s2006 maua b 001 0 eng | ||
| 010 | _a 2004061068 | ||
| 020 | _a0072966343 (alk. paper) | ||
| 040 |
_aDLC _cDLC _dDLC |
||
| 041 | _aeng | ||
| 042 | _apcc | ||
| 080 | _a658.802 CRA | ||
| 082 | 0 | 0 |
_a658.802 CRA _222 |
| 100 | 1 | _a60 | |
| 101 | _aMAR | ||
| 245 | 1 | 0 |
_aStrategic marketing / _cDavid W. Cravens, Nigel F. Piercy. |
| 504 | _aIncludes bibliographical references and indexes. | ||
| 906 |
_a7 _bcbc _corignew _d1 _eocip _f20 _gy-gencatlg |
||
| 942 |
_2ddc _cBK |
||
| 999 |
_c39625 _d39625 |
||